<The> Next Economy

Gespeichert in:
Bibliographische Detailangaben
1. Verfasser: Hawken, Paul
Format: Buch
Sprache:Englisch
Veröffentlicht: New York Holt, Rinehart and Winston 1983
Ausgabe:1. ed.
Schlagworte:
Tags: Tag hinzufügen
Keine Tags, Fügen Sie das erste Tag hinzu!

MARC

LEADER 00000nam a2200000 4500
001 c002055
005 20221221074709.1
020 |a 0-03-062631-5 
041 0 |a eng 
044 |a US 
245 1 0 |a <The> Next Economy  |c Paul Hawken 
250 |a 1. ed. 
264 1 |a New York  |b Holt, Rinehart and Winston  |c 1983 
300 |a 215 s. 
610 2 0 |a hospodárstvo národné 
610 2 0 |a ropa 
610 2 0 |a dlhy štátne 
610 2 0 |a kapitál 
610 2 0 |a spoločnosť informačná 
610 2 0 |a rast hospodársky 
610 2 0 |a stratégia hospodárska 
610 2 0 |a peniaze 
610 2 0 |a rozvoj hospodársky 
610 2 0 |a zmeny štruktúrne 
100 1 |a Hawken, Paul